| 000 | 00000nam##2200000za#4500 |
| 001 | 9.675757 |
| 003 | CaOODSP |
| 005 | 20210624225423 |
| 007 | cr ||||||||||| |
| 008 | 150407|2001||||xxc|||||o f|0| 0 eng|d |
| 040 | |aCaOODSP|beng |
| 041 | |aeng |
| 041 | |afre |
| 043 | |an-cn--- |
| 086 | 1 |aH21-172/2001-PDF |
| 110 | 1 |aCanada.|bHealth Canada. |bHealth Policy and Communications Branch. |
| 245 | 10|aHealth expenditures in Canada by age and sex, 1980-81 to 2000-01 : |h[electronic resource]|breport |
| 260 | |aOttawa - Ontario : |bHealth Canada. |cAugust 2001. |
| 300 | |a63p.|bglossary, graphs, table |
| 500 | |aA statistical index is available under catalogue number H21-172/2001-2-PDF. The catalogue number (H21-172/2001) and ISBN (0-662-65942-2) for the bilingual print edition have been incorrectly copied in this electronic publication. |
| 590 | |a12-21-Supp|b2012-05-18 |
| 690 | 07|aCosts|2gcpds |
| 690 | 07|aHealth care industry|2gcpds |
| 776 | 0#|tDépenses de santé au Canada selon l'âge et le sexe, 1980-1981 à 2000-2001: rapport |w(CaOODSP)9.663022 |
| 792 | |tDépenses de santé au Canada selon l'âge et le sexe, 1980-1981 à 2000-2001 : |efre|w(CaOODSP)9.675758 |
| 856 | 40|ahttp://publications.gc.ca|qPDF|s196 KB|uhttps://publications.gc.ca/collections/Collection/H21-172-2001.pdf |